Catálogo público

Snack Food Technology / (Record no. 172801)

MARC details
000 -CABECERA
campo de control de longitud fija 00657nam a2200229Ia 4500
001 - NÚMERO DE CONTROL
campo de control dia_2281
003 - IDENTIFICADOR DEL NÚMERO DE CONTROL
campo de control CHAP
005 - FECHA Y HORA DE LA ÚLTIMA TRANSACCIÓN
campo de control 20251021154117.0
008 - DATOS DE LONGITUD FIJA--INFORMACIÓN GENERAL
campo de control de longitud fija 220117s1976 xx 000 0 und d
010 ## - NÚMERO DE CONTROL DE LA BIBLIOTECA DEL CONGRESO
Número de control de LC 172801
040 ## - FUENTE DE LA CATALOGACIÓN
Centro/agencia transcriptor CHAP
082 ## - NÚMERO DE LA CLASIFICACIÓN DECIMAL DEWEY
Número de clasificación 641.53 M3
100 ## - ENTRADA PRINCIPAL--NOMBRE DE PERSONA
Nombre de persona Matz, Samuel A.
9 (RLIN) 73124
245 ## - MENCIÓN DE TÍTULO
Título Snack Food Technology /
Mención de responsabilidad, etc. by Samuel A. Matz
260 ## - PUBLICACIÓN, DISTRIBUCIÓN, ETC.
Lugar de publicación, distribución, etc. Westport, Connecticut :
Nombre del editor, distribuidor, etc. Avi,
Fecha de publicación, distribución, etc. 1976
300 ## - DESCRIPCIÓN FÍSICA
Extensión 349 p.
600 ## - PUNTO DE ACCESO ADICIONAL DE MATERIA--NOMBRE DE PERSONA
Nombre de persona 1.Frituras/ 2.Alimentos-tecnología/ 3.Alimentos-industria. i.t.
9 (RLIN) 152514
901 ## - ELEMENTOS DE DATOS A LOCAL LDA (RLIN)
a 641.53 M3
902 ## - ELEMENTOS DE DATOS B LOCAL, LDB (RLIN)
a M
905 ## - ELEMENTOS DE DATOS E LOCAL, LDE (RLIN)
a 0000001976 WESA 0000000000ING00
942 ## - ELEMENTOS DE PUNTO DE ACCESO ADICIONAL (KOHA)
Tipo de ítem Koha Libro
Fuente del sistema de clasificación o colocación Dewey Decimal Classification
Holdings
Estado de retiro Estado de pérdida Fuente del sistema de clasificación o colocación Estado dañado Restricciones de uso No para préstamo Código de colección Localización permanente Ubicación/localización actual Fecha de adquisición Fuente de adquisición Coste, precio normal de compra Número de inventario Total de préstamos Signatura topográfica completa Código de barras Fecha visto por última vez Número de copia Tipo de ítem Koha
    Dewey Decimal Classification   Préstamo 5 días   General Ingenieria Agroindustrial Ingenieria Agroindustrial 18/01/2022 Compra Librería F. / R. 25108 (24/09/1990) 1656.00 118971   641.53 M3 dia_1837 18/01/2022 Ej.2 Libro
    Dewey Decimal Classification   Préstamo interno   General Ingenieria Agroindustrial Ingenieria Agroindustrial 18/01/2022 Compra Librería F. / R. 25108 (24/09/1990) 1656.00 118970   641.53 M3 dia_1779 18/01/2022 Ej.1 Libro